Literatura, ideología y sociedad
Zapisane w:
| 1. autor: | |
|---|---|
| Format: | Książka |
| Język: | Undetermined |
| Wydane: |
Madrid, España
Editorial Gredos
1986
|
| Hasła przedmiotowe: | |
| Etykiety: |
Dodaj etykietę
Nie ma etykietki, Dołącz pierwszą etykiete!
|
MARC
| LEADER | 00000nam a2200000Ia 4500 | ||
|---|---|---|---|
| 008 | 170316s9999 xx 000 0 und d | ||
| 040 | |a cru BVZT | ||
| 090 | |a 801 C-34L | ||
| 100 | |a Cros, Edmond |9 1409 | ||
| 245 | |a Literatura, ideología y sociedad | ||
| 260 | |a Madrid, España | ||
| 260 | |b Editorial Gredos | ||
| 260 | |c 1986 | ||
| 300 | |a 309 páginas | ||
| 650 | |a TEORÍA LITERARIA |9 178 | ||
| 650 | |a SOCIOLOGÍA EXPERIMENTAL |9 1410 | ||
| 650 | |a ESTRUCTURALISMO GENÉTICO |9 1411 | ||
| 650 | |a LA LITERATURA |9 1412 | ||
| 650 | |a LA ESCRITURA |9 1398 | ||
| 650 | |a FORMACIONES DISCURSIVAS |9 1413 | ||
| 650 | |a EL DISCURSO |9 1414 | ||
| 650 | |a GENOTEXTO |9 1415 | ||
| 650 | |a FENOTEXTOS |9 1416 | ||
| 650 | |a TEXTOS SEMIÓTICOS |9 1417 | ||
| 650 | |a FORMACIÓN DISCURSIVA - SIGLO DE ORO |9 1418 | ||
| 650 | |a GUZMAN DE ALFARACHE |9 1419 | ||
| 650 | |a SISTEMA SEMIÓTICO |9 1420 | ||
| 650 | |a IDEOLOGÍA Y GENÉTICA TEXTUAL |9 1421 | ||
| 650 | |a EL BUSCÓN - QUEVEDO |9 1422 | ||
| 650 | |a LA HORA DE TODOS - QUEVEDO |9 1423 | ||
| 650 | |a SOCIOCRÍTICA |9 222 | ||
| 650 | |a ANTROPOLOGÍA CULTURAL |9 1424 | ||
| 650 | |a EL LAZARILLO DE TORMES |9 1425 | ||
| 650 | |a EL BUSCÓN |9 1426 | ||
| 650 | |a LA LITERATURA MEXICANA CONTEMPORÁNEA |9 1427 | ||
| 650 | |a LA REGIÓN MAS TRANSPARENTE - CARLOS FUENTES-LABERINTO DE LA SOLEDAD - OCTAVIO PAZ |9 1428 | ||
| 650 | |a LA MUERTE DE ARTEMIO CRUZ - PROBLEMAS DE SEMÁNTICA TEXTUAL |9 1429 | ||
| 650 | |a OCTAVIO PAZ |9 1430 | ||
| 999 | |c 20194 |d 20194 | ||
| 942 | |c SALA |h 801 C-34L |2 z | ||
